000
00295nam a22001337a 4500
008
181017b xxu||||| |||| 00| 0 eng d
020
_a
0684180901
041
_a
eng
080
_a
370
100
_a
48
101
_a
EDU
245
_a
The Young Writers Handbook
_c
Susan.S
942
_2
udc
_c
BK
999
_c
49969
_d
49969